Modern Greece : a short history

Saved in:
Bibliographic Details
Main Author: Woodhouse, C. M. (Christopher Montaque), 1917-2001
Format: Book
Language:English
Published: London : Faber and Faber, c1986.
Edition:4th ed.
Subjects:
Tags: Add Tag
No Tags, Be the first to tag this record!

MARC

LEADER 00000cam a2200000 i 4500
001 1/21690
008 120702s1986 enk| || |||| ||eng||
020 |a 0571138276 
035 |l 10112917 
040 |a GR-MyUa  |b gre  |e AACR2 
041 0 |a eng 
082 7 |a 938   |2 (22) 
100 1 |a Woodhouse, C. M.   |q (Christopher Montaque),   |d 1917-2001. 
245 1 0 |a Modern Greece :   |b a short history /   |c C.M. Woodhouse. 
250 |a 4th ed. 
260 |a London :   |b Faber and Faber,   |c c1986. 
300 |a 352 σ. :   |b χάρτες ;   |c 20 εκ. 
504 |a Βιβλιογραφία: σ. 333-337. Ευρετήριο. 
651 0 |a Byzantine Empire  |x History. 
651 0 |a Greece  |x History  |y 1453-1821. 
651 0 |a Greece  |x History  |y 1821- 
852 |a INST  |b SYROS  |e 20120702  |h 938 WOO  |p 005500010376  |q 005500010376  |t BK  |y 0 
901 |a BIBL5-2012-2 
970 |a Κοντού  |b Παρασκευή  |z 02/07/2012